Southville International School and Colleges
Your cart is empty.
  • Cart
  • Lists
    Public lists list_1 View all
    Your lists Log in to create your own lists
  • Log in to your account
  • Your cookies
  • Search history
Southville International School and Colleges
  • Advanced search
  • Recent comments
  • Most popular
  • Libraries

Log in to your account

Log in with GOOGLE


If you do not have an external account, but do have a local account, you can still log in:

  1. Home
  2. MARC view: King and the cuddly (the) /
Normal view MARC view ISBD view

King and the cuddly (the) / (Record no. 105155)

[ view plain ]
MARC details
000 -LEADER
fixed length control field 00557nam a2200193 a 4500
005 - DATE AND TIME OF LATEST TRANSACTION
control field 20140412111343.0
008 - FIXED-LENGTH DATA ELEMENTS--GENERAL INFORMATION
fixed length control field 040114s19uu xx 00 eng d
020 ## - INTERNATIONAL STANDARD BOOK NUMBER
International Standard Book Number 0-09-176932-9
050 ## - LIBRARY OF CONGRESS CALL NUMBER
Classification number ER
Item number Ki58 2000
100 ## - MAIN ENTRY--PERSONAL NAME
Personal name Newman, Marjorie
245 ## - TITLE STATEMENT
Title King and the cuddly (the) /
Statement of responsibility, etc by Marjorie Newman ; illustrated by Peter Bowman.
260 ## - PUBLICATION, DISTRIBUTION, ETC. (IMPRINT)
Place of publication, distribution, etc London :
Name of publisher, distributor, etc Red Fox,
Date of publication, distribution, etc 2000.
300 ## - PHYSICAL DESCRIPTION
Extent 1 v. (unp.) ; ill.
500 ## - GENERAL NOTE
General note [lost & replaced]
650 ## - SUBJECT ADDED ENTRY--TOPICAL TERM
Topical term or geographic name as entry element Lions--Fiction
650 ## - SUBJECT ADDED ENTRY--TOPICAL TERM
Topical term or geographic name as entry element Helping--Fiction
650 ## - SUBJECT ADDED ENTRY--TOPICAL TERM
Topical term or geographic name as entry element Children stories
Holdings
Withdrawn status Lost status Damaged status Use restrictions Home library Current library Shelving location Date acquired Source of acquisition Total Checkouts Full call number Barcode Date last seen Price effective from Koha item type
        Elizalde Library Elizalde Library Easy Reading Section 01/14/2004     ER Ki58 2000 E9501 04/12/2014 04/12/2014 Books

King and the cuddly (the) /

APA

Newman M., . (2000). King and the cuddly (the). London: Red Fox.

Chicago

Newman Marjorie, . 2000. King and the cuddly (the). London: Red Fox.

Harvard

Newman M., . (2000). King and the cuddly (the). London: Red Fox.

MLA

Newman Marjorie, . King and the cuddly (the). London: Red Fox. 2000.

  • Place hold
  • Print
  • Cite
  • Add to your cart (remove)
  • Save record
    BIBTEX Dublin Core MARCXML MARC (non-Unicode/MARC-8) MARC (Unicode/UTF-8) MARC (Unicode/UTF-8, Standard) MODS (XML) RIS
  • More searches
    Search for this title in:
    Other Libraries (WorldCat) Other Databases (Google Scholar) Online Stores (Bookfinder.com) Open Library (openlibrary.org)

Exporting to Dublin Core...

SOUTHVILLE LIBRARY

Southville International School and Colleges Library

1281 Tropical Ave. Cor. Luxembourg St., BF Homes International, Las Pinas City

Tel. No. 8256374 / 252358 Loc. 117/146

Powered by Koha